000 00636cam a22002171 4500
001 agr27000681
003 DLC
005 20260227110947.0
008 800829s1926 gw a 000 0 ger c
010 _aagr27000681
035 _a(OCoLC)6667938
040 _aLibrary, U.S. Dept. of Agriculture
_cOCl
_dDLC
042 _apremarc
050 0 0 _aQD98
_b.E5 1926
100 1 _aEmich, Friedrich,
_d1860-
245 0 0 _aLehrbuch der mikrochemie,
_cvon Friedrich Emich.
250 _a2., gänz. umgearb. aufl.
260 _aMünchen,
_bJ.F. Bergmann,
_c1926.
300 _ax p., 1 l., 273, [1] p.
_billus.
_c24 cm.
650 0 _aMicrochemistry.
999 _c9116
_d9116